000 00684nam a2200217 a 4500
999 _c2167
_d2167
001 2167
003 BD-JhCC
005 20171030171359.0
008 171030s1992 bg ||||| |||| 00| 0 be d
035 _a(BD-JhCC)2167
040 _aBD-JhCC
_dBD-JhCC
041 _aben
082 _222
_a410
_bSAT 1992
100 _aসাত্তার, আবদুস্
245 _aনজরুল কাব্যে আরবী-ফারসী শব্দ /
_cআবদুস্ সাত্তার
260 _aঢাকা :
_bনজরুল ইন্সটিটিউট,
_c১৯৯২
300 _a116 p. :
_c22cm.
650 _aLanguage
942 _2ddc
_cBK